Pegmatite potassium feldspars from Someşul Rece-Valea Iara, pegmatite district (Apuseni Mts., Romania)

Bibliographic Details
Main Author: Stumbea, D. (Author)
Format: Article
Language:Slovak
English
PhysicalDescription:Tab.
ISSN:1335-0552
Subjects:

MARC

LEADER 00000nab a2200000 a 4500
001 vtls000862713
003 SK-MaSNL
005 20260304105956.0
008 250429c1999 xo 0 slo
015 |a SNBRB2004/02-05031 
035 |a CLN000214286 
035 |a urn:nbn:sk:snk-ab792b 
035 |a (uuid)f0f8709b-5b31-4db9-ba41-7617c59314b8 
035 |a (urnnbn)urn:nbn:sk:snk:ar-a077xr 
035 |a (sysno)vtls000862713 
040 |a SNKBUCL  |b slo  |c SNKBUCL  |e AACR2 
041 0 |a eng 
044 |a xo  |c SK 
080 |a 549.651(234.421)  |2 1997 
080 |a 553.063(234.421)  |2 1997 
100 1 |a Stumbea, D.  |4 aut  |9 1407919 
245 1 0 |a Pegmatite potassium feldspars from Someşul Rece-Valea Iara, pegmatite district (Apuseni Mts., Romania)  |c D. Stumbea 
300 |b Tab. 
504 |a Bibliogr. odkazy 
650 0 7 |a živce draselné  |2 snkbucl  |9 1332784 
650 0 7 |a pegmatity  |2 snkbucl  |9 150888 
651 7 |a Apuseni (Rumunsko)  |2 snkbucl  |9 1407920 
655 7 |a články z novín a časopisov  |2 snkbucl  |9 267496 
773 0 |t Geologica carpathica  |g Roč. 50, špec. č. (1999), s. 136-137  |x 1335-0552 
850 |a Slovenská národná knižnica 
852 |a Slovenská národná knižnica 
958 |a article27 
958 |a RO 
958 |a NB 
958 |a OND 
958 |a EUIPO 
999 |c 2857946  |d 2859876